000 01925cam a22004934i 4500
003 PE-LiUPU
005 20250731173529.0
008 150710s1996 tnua rb 000 0 eng d
020 _a0805410600
020 _a9780805410600
035 _a(Sirsi) i9780805410600
040 _aPE-LiUPU
_bspa
_cPE-LiUPU
_erda
049 _aPRUA
082 0 4 _a268.1
_bCh23
_221
245 0 0 _aChristian Education Hand-Book.
264 1 _aTennessee :
_bBroadman & Holman Publishers,
_c1996.
300 _a314 páginas :
_bilustraciones ;
_c23 centímetros
336 _atext
_2rdacontent
337 _aunmediated
_2rdamedia
338 _avolume
_2rdacarrier
504 _aIncluye bibliografía.
505 0 _aFoundations for administration and Leadership -- Administrative principles and procedures -- Educational leadership in the local Church.
526 _aSEG42
526 _aSEG41
526 _aSEG40
526 _aSEG39
526 _aP94
526 _aP87
526 _aP86
526 _aP85
526 _aP77
526 _aP76
526 _aP35
650 0 4 _aEducación cristiana
_vCompendios, manuales, etc..
700 1 _aPowers, Bruce P.,
_eeditor.
942 _2ddc
_cBOOK
949 _a268.1 CH23
_wDEWEY
_c2
_i43578
_lCCODEBUL1
_mBUL
_r0
_sY
_tBOOK
_u2015-7-10
_xTEOLOGIA
_PP35
_0COMPRA
_o.STAFF. Colección General
949 _a268.1 CH23
_wDEWEY
_c3
_i42201
_lCCODEBUL1
_mBUL
_p15.93
_r0
_sY
_tBOOK
_u2016-10-17
_xTEOLOGIA
_PP35
_0COMPRA
_o.STAFF. Colección Teología
994 _aC0
_bPEPRU
596 _a1
999 _a268.1 CH23
_wDEWEY
_c60032
_i43578
_f2021-11-10
_g5
_lCCODEBUL1
_mBUL
_p27.29
_r0
_sY
_tBOOK
_u2015-7-10
_xTEOLOGIA
_PP35
_0COMPRA
_o.STAFF. Colección Teología
_d60032
999 _a268.1 CH23
_wDEWEY
_c3
_i42201
_d2018-7-3
_f2021-11-10
_g5
_lCCODEBUL1
_mBUL
_p15.93
_q1
_r0
_sY
_tBOOK
_u2016-10-17
_xTEOLOGIA
_PP35
_0COMPRA
_o.STAFF. Colección Teología
980 _81
_gALBERTO SANCHEZ Responsable de Automatización